000
00253nam a22001097a 4500
082
_a
521 BRO'M
100
_a
BROUWER, B,CLEMENCE, G. M
_9
59785
245
_a
METHODS OF CELESTIAL MECHANICS
260
_a
NEWYORK
_b
AP
_c
1961
300
_a
598P
942
_c
BK
999
_c
569676
_d
569676